000 00407nam a22001697a 4500
003 OSt
008 210710b ||||| |||| 00| 0 eng d
020 _a9789352836109
082 _a512.94 RAO
100 _aRAISINGHANIA,MD
245 _aOrdinary and Partial Differential Equations
250 _a20th
260 _aNew Delhi
_bS.Chand
_c2020
300 _aMISC
650 _aApplied Sc
942 _2ddc
_cBK
999 _c10714
_d10714